000 01250nam a22001457a 4500
999 _c530480
_d530480
008 250618b ||||| |||| 00| 0 eng d
100 _aArchana et al.
_954459
245 _aPromoting Farmer Producer organisations in India: A Prosperity Potential for Smallholders
260 _aIndian Journal of Political Science
300 _a85(1), Jan-Mar, 2024: p.125-134
520 _aThe agriculture sector in India is undergoing substantial reforms to compensate for the neglect since economic reforms after 1991. Farmer Producer Organisatons(FPOs), an amalgamation of the existing cooperative model and the private companies, is a collective organisation that has been recently a buzzword in the policy-making corridors. The government of India has articulated an ecosystem of institutional and regulatory reforms to facilitate a better environment for FPOs growth and enhanced income for its members. This paper discusses the various initiatives and opportunities in the form of schemes, policies, and incentives devised by the government to smoothen the flourishing of FPOs. - Reproduced
650 _afarmer producer organisations, agriculture produce, reforms, acts, marketing
_954460
773 _0Indian Journal of Political Science
942 _cAR